| 000 | 00777nam a2200289Ia 4500 | ||
|---|---|---|---|
| 003 | OSt | ||
| 005 | 20221006160233.0 | ||
| 006 | a|||||r|||| 00| 0 | ||
| 007 | ta | ||
| 008 | 221006b |||||||| |||| 00| 0 eng d | ||
| 020 |
_a9788990620255 _cW15,000 |
||
| 024 | _a44,704 | ||
| 037 | _cTextual | ||
| 040 |
_aEASL _cEASL _beng |
||
| 041 |
_2eng _aeng |
||
| 082 | _aY:1.495, P7 | ||
| 100 |
_aSeunghoon Kang Ed. _9672577 |
||
| 245 | 0 |
_aWorld heritage in Korea _b Cultural heritage administration |
|
| 260 |
_aSeoul _bNulwa _c2007 |
||
| 300 |
_a151p. _ccm. |
||
| 490 | _v KEL | ||
| 650 | _a KEL | ||
| 650 |
_a Korea - Temple _9672578 |
||
| 650 | _akorea - culture | ||
| 942 |
_hY:1.495, P7 _cTEXL _2CC |
||
| 999 |
_c1112796 _d1112796 |
||